Learning Resource and Development

Writing and editing for digital media / (Record no. 25835)

MARC details
000 -LEADER
fixed length control field 02844nam a2200337 i 4500
003 - CONTROL NUMBER IDENTIFIER
control field CSPC
005 - DATE AND TIME OF LATEST TRANSACTION
control field 20240523092630.0
008 - FIXED-LENGTH DATA ELEMENTS--GENERAL INFORMATION
fixed length control field 230803s2020 nyua b 001 0 eng
010 ## - LIBRARY OF CONGRESS CONTROL NUMBER
LC control number 2020000100
020 ## - INTERNATIONAL STANDARD BOOK NUMBER
International Standard Book Number 9780367245092
040 ## - CATALOGING SOURCE
Original cataloging agency DLC
Language of cataloging eng
Description conventions rda
Transcribing agency DLC
Modifying agency CSPC
050 00 - LIBRARY OF CONGRESS CALL NUMBER
Classification number PN171.O55
Item number C37 2020
082 00 - DEWEY DECIMAL CLASSIFICATION NUMBER
Classification number 808.002854678
Item number C236w
100 1# - MAIN ENTRY--PERSONAL NAME
Personal name Carroll, Brian,
Dates associated with a name 1965-
Relator term author.
240 10 - UNIFORM TITLE
Uniform title Writing for digital media
245 10 - TITLE STATEMENT
Title Writing and editing for digital media /
Statement of responsibility, etc. Brian Carroll.
250 ## - EDITION STATEMENT
Edition statement Fourth edition.
264 #1 - PRODUCTION, PUBLICATION, DISTRIBUTION, MANUFACTURE, AND COPYRIGHT NOTICE
Place of production, publication, distribution, manufacture New York, NY :
Name of producer, publisher, distributor, manufacturer Routledge,
Date of production, publication, distribution, manufacture, or copyright notice 2020.
300 ## - PHYSICAL DESCRIPTION
Extent xiii, 375 pages :
Other physical details illustrations ;
Dimensions 23 cm.
336 ## - CONTENT TYPE
Content type term text
Content type code txt
Source rdacontent
337 ## - MEDIA TYPE
Media type term unmediated
Media type code n
Source rdamedia
338 ## - CARRIER TYPE
Carrier type term volume
Carrier type code nc
Source rdacarrier
504 ## - BIBLIOGRAPHY, ETC. NOTE
Bibliography, etc. note Includes bibliographical references and index.
505 0# - FORMATTED CONTENTS NOTE
Formatted contents note Writing for digital media: the foundation -- Editing for digital media: strategies -- Writing for digital media II: tools & techniques -- Editing for digital media II: pulling it all together -- Whiteboarding: generating ideas & publishing the story -- Journalism in a digital age -- Public relations for a digital age -- Multi-modal storytelling -- Credibility in a 'post-truth' era -- Navigating the legal landscape.
520 ## - SUMMARY, ETC.
Summary, etc. "In this new edition, Brian Carroll explores writing and editing for digital media with information about voice, style, media formats, and content development, combining hands-on exercises with new sections on idea generation, multi-modal storytelling, podcasting, and information credibility. Carroll explains and demonstrates how to effectively write for digital spaces - whether crafting a story for a website, writing for an app, blogging, or using social media to expand the conversation. Each chapter features lessons and exercises through which students can build a solid understanding of the ways that digital communication provides opportunities for dynamic storytelling and multi-directional communication. Updated with contemporary examples and new pedagogy, the fourth edition broadens its scope, helping digital writers and editors in all fields, including public relations, marketing, and social media management. Writing and Editing for Digital Media is an ideal handbook for students from all backgrounds who are looking to develop their writing and editing skills for this ever-evolving industry"--
Assigning source Provided by publisher.
650 #0 - SUBJECT ADDED ENTRY--TOPICAL TERM
Topical term or geographic name entry element Online authorship.
650 #0 - SUBJECT ADDED ENTRY--TOPICAL TERM
Topical term or geographic name entry element Online journalism.
776 08 - ADDITIONAL PHYSICAL FORM ENTRY
Relationship information Online version:
Main entry heading Carroll, Brian.
Title Writing and editing for digital media
Edition Fourth edition.
Place, publisher, and date of publication New York, NY : Routledge, Taylor & Francis Group, 2020
International Standard Book Number 9780429282942
Record control number (DLC) 2020000101
942 ## - ADDED ENTRY ELEMENTS (KOHA)
Source of classification or shelving scheme Dewey Decimal Classification
Koha item type Books
Classification part 808.002854678
Item part C236w
Call number prefix CIR
Call number suffix 2020
Suppress in OPAC No
Edition 23
Holdings
Withdrawn status Lost status Source of classification or shelving scheme Damaged status Not for loan Home library Current library Shelving location Date acquired Total Checkouts Full call number Barcode Date last seen Copy number Price effective from Koha item type
    Dewey Decimal Classification     Main Library Main Library Audio Visual 08/03/2023   CIR 808.002854678 C236w 2020 025642 08/03/2023 1-2 08/03/2023 Books
    Dewey Decimal Classification     Main Library Main Library Circulation Section 05/21/2024   CIR 808.002854678 C236w 2020 027690 05/21/2024 2-2 08/03/2023 Books